Clifford's barks!. (Record no. 114686)
[ view plain ]
| 000 -LEADER | |
|---|---|
| fixed length control field | 00258nam a2200109 a 4500 |
| 005 - DATE AND TIME OF LATEST TRANSACTION | |
| control field | 20140414132109.0 |
| 008 - FIXED-LENGTH DATA ELEMENTS--GENERAL INFORMATION | |
| fixed length control field | 110115s19uu xx 00 eng d |
| 050 ## - LIBRARY OF CONGRESS CALL NUMBER | |
| Classification number | TR |
| Item number | C61 2010 |
| 100 ## - MAIN ENTRY--PERSONAL NAME | |
| Personal name | Bridwell, Norman |
| 245 ## - TITLE STATEMENT | |
| Title | Clifford's barks!. |
| Withdrawn status | Lost status | Damaged status | Use restrictions | Home library | Current library | Shelving location | Date acquired | Source of acquisition | Cost, normal purchase price | Total Checkouts | Full call number | Barcode | Date last seen | Price effective from | Koha item type |
|---|---|---|---|---|---|---|---|---|---|---|---|---|---|---|---|
| Munich Library | Munich Library | Teachers Reference Section | 01/15/2011 | 125.00 | TR C61 2010 | M6572 | 04/14/2014 | 04/14/2014 | Books |